000 00370 a2200157 4500
001 176588
020 _a
040 _cMagnum
100 _aRehfeld, Cremilda de Araujo
240 1 0 _aO burrinho generoso e outras estorias
_lpor
245 1 0 _aO burrinho generoso e outras estorias
362 0 _a1899
440 1 _aLemi
697 _aMAGNITO: J/CRONICA
942 _cBK
999 _c176588
_d176588